| 000 | 00550nam a2200193 a 4500 | ||
|---|---|---|---|
| 001 | 6872 | ||
| 005 | 20180713190741.0 | ||
| 008 | 140415s1990 000 0 spa d | ||
| 020 | _a9682430860 | ||
| 041 | _aspa | ||
| 082 |
_a150.9 _bKAN |
||
| 100 | 1 | _aKANTOR, J. R. | |
| 245 | 1 | 3 | _aLA EVOLUCION CIENTIFICA DE LA PSICOLOGIA |
| 260 |
_a[s.l.] : _bTRILLAS, _c1990 |
||
| 300 | _a647 | ||
| 490 | _aBIBLIOTECA CONCEPTOS Y TOPICOS EN TEORIA DE LA ... | ||
| 650 | 1 | 4 |
_aPSICOLOGIA _xHISTORIA |
| 700 | 1 |
_aGONZALEZ ARAMBURO, FRANCISCO _etr. |
|
| 999 |
_c6872 _d6872 |
||